WestJet Fleet - Statistics

General Stats
  • This quiz has been taken 17 times
    16 since last reset
  • The average score is 4 of 5
Answer Stats
In Service Aircraft % Correct
7 B787-9
100%
47 B737-800
92%
36 B737-700
83%
50 B737 MAX 8
83%
41 Dash 8 Q400
75%
No matching quizzes found
Score Distribution
Percent of People with Each Score
Percentile by Number Answered
Your Score History
You have not taken this quiz since the last reset